The phantom tollbooth (Record no. 115211)

MARC details
000 -LEADER
fixed length control field 00211 a2200097 4500
020 ## - INTERNATIONAL STANDARD BOOK NUMBER
International Standard Book Number 9780007263486
100 ## - MAIN ENTRY--PERSONAL NAME
Personal name Norton Juster
245 ## - TITLE STATEMENT
Title The phantom tollbooth
260 ## - PUBLICATION, DISTRIBUTION, ETC. (IMPRINT)
Name of publisher, distributor, etc Harper Collins
Date of publication, distribution, etc 2008
942 ## - ADDED ENTRY ELEMENTS (KOHA)
Koha item type On order/under processing
Holdings
Withdrawn status Lost status Damaged status Not for loan Home library Current library Date acquired Source of acquisition Cost, normal purchase price Total Checkouts Barcode Date last seen Cost, replacement price Price effective from Koha item type
        University Library University Library 07/02/2026 275 360.00   00097290 07/02/2026 450.00 07/02/2026 On order/under processing
University Library, CUSAT